Black odyssey (Record no. 33271)

MARC details
000 -LEADER
fixed length control field 00258nam a2200109Ia 4500
082 ## - DEWEY DECIMAL CLASSIFICATION NUMBER
Classification number 326(73)
Item number HUG
100 ## - MAIN ENTRY--AUTHOR NAME
Personal name Huggins, N I
245 #0 - TITLE STATEMENT
Title Black odyssey
260 ## - PUBLICATION, DISTRIBUTION, ETC. (IMPRINT)
Place of publication London
Name of publisher George Allen
Year of publication 1977
942 ## - ADDED ENTRY ELEMENTS (KOHA)
Koha item type Books
Holdings
Withdrawn status Lost status Damaged status Not for loan Home library Current library Date acquired Cost, normal purchase price Full call number Accession Number Koha item type
        RRII Library RRII Library 16/12/2021 5.95 326(73) HUG 13770 Books